| Tag |
First Indicator |
Second Indicator |
Subfields |
| LEADER |
00000cam a2200000 4500 |
| 001 |
in00000716396 |
| 005 |
20151016060532.0 |
| 008 |
770429s1938 mx 00000 spa |
| 010 |
|
|
|a 40001814
|
| 035 |
|
|
|a (OCoLC)02927098
|
| 035 |
|
|
|9 ADD0208AM
|
| 040 |
|
|
|a DLC
|c TOL
|d TXA
|d UtOrBLW
|
| 049 |
|
|
|a TXAM
|c 1
|v 1 [220623]
|v 2 [220624]
|v 3 [220625]
|c 2
|v 1 [270076]
|v 2 [270077]
|v 3 [270078]
|
| 050 |
|
0 |
|a PQ7297
|b .G315 1938
|
| 082 |
0 |
|
|a 862.6
|
| 092 |
|
|
|a 862
|b G192t
|
| 100 |
1 |
|
|a Gamboa, José Joaquín,
|d 1878-1931.
|
| 245 |
1 |
0 |
|a Teatro... /
|c prologo de Carlos Gonzales Pena.
|
| 264 |
|
1 |
|a Mexico :
|b Ediciones Botas,
|c 1938.
|
| 300 |
|
|
|a 3 volumes ;
|c 19 cm.
|
| 336 |
|
|
|a text
|b txt
|2 rdacontent
|
| 337 |
|
|
|a unmediated
|b n
|2 rdamedia
|
| 338 |
|
|
|a volume
|b nc
|2 rdacarrier
|
| 505 |
0 |
|
|a t. I. Primera epoca: La carne, El hogar, La muerte, Un dia vendra.--t. II. Epoca de transicion: Cuento viejo, El diablo tiene frio, Los revillagigedos, Via crucis.--t. III. Tercera epoca: Alucinaciones, Espiritus, Si la juventud supiera ..., El mismo caso, El caballero, la muerte y el diablo.
|
| 700 |
1 |
|
|a González Peña, Carlos,
|d 1885-1955.
|
| 999 |
|
|
|a MARS
|
| 999 |
f |
f |
|s a910ca9a-7152-372e-a92d-5263241691f4
|i 03ff1390-7eea-35bf-98d1-5b52b2e6aa84
|t 0
|
| 952 |
f |
f |
|p ric
|a Texas A&M University
|b Rellis Campus
|c Joint Library Facility
|s JLF
|d Remote Storage
|t 0
|e PQ7297 .G315 1938
|h Library of Congress classification
|i unmediated -- volume
|k v.3
|m A14801381032
|
| 952 |
f |
f |
|p ric
|a Texas A&M University
|b Rellis Campus
|c Joint Library Facility
|s JLF
|d Remote Storage
|t 0
|e PQ7297 .G315 1938
|h Library of Congress classification
|i unmediated -- volume
|k v.2
|m A14801381024
|
| 952 |
f |
f |
|p ric
|a Texas A&M University
|b Rellis Campus
|c Joint Library Facility
|s JLF
|d Remote Storage
|t 0
|e PQ7297 .G315 1938
|h Library of Congress classification
|i unmediated -- volume
|k v.1
|m A14801381016
|
| 998 |
f |
f |
|a PQ7297 .G315 1938
|s v.1-v.3
|t 0
|l Remote Storage
|